Farming system development in craing yov kandal province ការអភិវឌ្ឍន៏ប្រព៏ន្ធកសិដ្ឋាន តាមលក្ខណៈគ្រួសារនៅមជ្ឈមណ្ឌល ក្រាំយ៉ូវ ខេត្តកណ្តាល (Record no. 376)

000 -LEADER
fixed length control field 00643nam a22001577a 4500
003 - CONTROL NUMBER IDENTIFIER
control field OSt
005 - DATE AND TIME OF LATEST TRANSACTION
control field 20150913151750.0
008 - FIXED-LENGTH DATA ELEMENTS--GENERAL INFORMATION
fixed length control field 150913b xxu||||| |||| 00| 0 eng d
040 ## - CATALOGING SOURCE
Transcribing agency RUA
082 ## - DEWEY DECIMAL CLASSIFICATION NUMBER
Classification number AGR SOK 1996 B016 Or.1
100 ## - MAIN ENTRY--PERSONAL NAME
9 (RLIN) 397
Personal name SOK, PHALLIN.
245 ## - TITLE STATEMENT
Title Farming system development in craing yov kandal province ការអភិវឌ្ឍន៏ប្រព៏ន្ធកសិដ្ឋាន តាមលក្ខណៈគ្រួសារនៅមជ្ឈមណ្ឌល ក្រាំយ៉ូវ ខេត្តកណ្តាល
260 ## - PUBLICATION, DISTRIBUTION, ETC. (IMPRINT)
Place of publication, distribution, etc. Phnom Penh
Name of publisher, distributor, etc. RUA
Date of publication, distribution, etc. 1996
300 ## - PHYSICAL DESCRIPTION
Extent 73p.
Other physical details ill.
Dimensions 29cm.
942 ## - ADDED ENTRY ELEMENTS (KOHA)
Source of classification or shelving scheme
Koha item type AGR
Holdings
Price effective from Date last seen Permanent Location Not for loan Date acquired Date last checked out Source of classification or shelving scheme Total Checkouts Koha item type Barcode Lost status Damaged status Withdrawn status Current Location Full call number
2015-09-132015-09-13Library Block B 2015-09-13   AGRRUA004273   Library Block BAGR SOK 1996 B016 Or.1
2015-09-132015-09-13Library Block B 2015-09-13   AGRRUA004271   Library Block BAGR SOK 1996 B016 Or.2
2015-09-132015-09-13Library Block B 2015-09-13   AGRRUA004272   Library Block BAGR SOK 1996 B016 Or.3
2015-09-132017-10-27Library Block B 2015-09-132017-10-20 1AGRRUA004130   Library Block BAGR SOK 1996 B016 Or.4
2015-09-132015-09-13Library Block B 2015-09-13   AGRRUA004279   Library Block BAGR SOK 1996 B016 Or.5
2015-09-132015-09-13Library Block B 2015-09-13   AGRRUA004276   Library Block BAGR SOK 1996 B016 Or.6
2015-09-132015-09-13Library Block B 2015-09-13   AGRRUA004498   Library Block BAGR SOK 1996 B016 Or.7
2015-09-132015-09-13Library Block B 2015-09-13   AGRRUA004275   Library Block BAGR SOK 1996 B016 Or.8
មជ្ឈមណ្ឌលឯការនៃសាកលវិទ្យាល័យភូមិន្ទកសិកម្មចំការដូង

Powered by Koha